Verdi (Record no. 19443)

MARC details
000 -LEADER
campo de control de longitud fija 00869nam a2200265 i 4500
001 - NÚMERO DE CONTROL
campo de control 19443
003 - IDENTIFICADOR DE NÚMERO DE CONTROL
campo de control ES-MaACL
005 - FECHA Y HORA DE LA ÚLTIMA TRANSACCIÓN
campo de control 20250522184211.0
007 - CAMPO FIJO DE DESCRIPCIÓN FÍSICA--INFORMACIÓN GENERAL
campo de control de longitud fija t|
008 - DATOS DE LONGITUD FIJA--INFORMACIÓN GENERAL
campo de control de longitud fija 020828s2001 sp ||||1| spa d
020 ## - NÚMERO INTERNACIONAL ESTÁNDAR DEL LIBRO
Número Internacional Estándar del Libro 84-493-1128-4
080 ## - NÚMERO DE LA CLASIFICACIÓN DECIMAL UNIVERSAL
Número de la Clasificación Decimal Universal 929 Verdi, Giuseppe
080 ## - NÚMERO DE LA CLASIFICACIÓN DECIMAL UNIVERSAL
Número de la Clasificación Decimal Universal 78 Verdi, Giuseppe
100 1# - ENTRADA PRINCIPAL--NOMBRE DE PERSONA
Nombre de persona Phillips-Matz, Mary Jane.
9 (RLIN) 91707
245 10 - MENCIÓN DEL TÍTULO
Título Verdi
Resto del título : una biografía /
Mención de responsabilidad, etc. Mary Jane Phillips-Matz ; con un prólogo de Andrew Porter.
260 ## - PUBLICACIÓN, DISTRIBUCIÓN, ETC.
Lugar de publicación, distribución, etc. Barcelona :
Nombre del editor, distribuidor, etc. Paidós Ibérica,
Fecha de publicación, distribución, etc. [2001]
300 ## - DESCRIPCIÓN FÍSICA
Extensión 939 p., [16] p. de lám. :
Otras características físicas il. ;
Dimensiones 24 cm.
490 1# - MENCIÓN DE SERIE
Mención de serie Testimonios ;
Designación de volumen o secuencia 23
504 ## - NOTA DE BIBLIOGRAFÍA, ETC.
Nota de bibliografía, etc. Bibliografía: p. [897]-916.
600 04 - PUNTO DE ACCESO ADICIONAL DE MATERIA--NOMBRE DE PERSONA
Nombre de persona Verdi, Giuseppe,
Fechas asociadas al nombre 1813-1901-
Subdivisión general Biografías
9 (RLIN) 114031
700 1# - ENTRADA AGREGADA--NOMBRE PERSONAL
Nombre de persona Porter, Andrew.
9 (RLIN) 93225
830 0# - PUNTO DE ACCESO ADICIONAL DE SERIE-TÍTULO UNIFORME
Título uniforme Testimonios ;
Designación de volumen o secuencia 23
9 (RLIN) 179776
852 ## - LOCALIZACIÓN
Ubicación ES-MaACL
Número de control de estantería L-25877
Sublocalización o colección R.130796
Holdings
Estatus retirado Estado de pérdida Estado de daño No para préstamo Biblioteca de origen Biblioteca actual Ubicación en estantería Fecha de adquisición Fuente de adquisición Total de préstamos Signatura topográfica completa Código de barras Visto por última vez Precio de reemplazo Tipo de ítem Koha
        Biblioteca del Ateneo de Madrid Biblioteca del Ateneo de Madrid Depósito 2 17/01/2008     L-25877 1019893 23/02/2023 23/02/2023 Libro impreso